000 00951nam0a2200277 4500
001 RU\NLR\bibl\1163947
005 20250615083443.0
021 _aRU
_b2007-73661
_93967
035 _a(NLR Aleph) 001150673
090 _a1475606
_c1475606
100 _a20071205d2007 |||y0rusy50 ca
101 0 _arus
102 _aRU
105 _aa |||||||||
200 1 _aТатарстан. Портрет современника
_eфотоальбом
_fспец. фот. Фарит Губаев
210 _aКазань
_cReaspect
_d2007
215 _a563, [20] с.
_cцв. ил., портр.
_d31
320 _aАлф. указ. в конце кн.
517 0 _aПортрет современника
607 _aТатарстан, Республика
_xДеятели
_92505864
_3RU\NLR\auth\661485895
686 _aТ3(2Р-6Т)74
801 0 _aRU
_bNLR
_c20071205
_gRCR
801 1 _aRU
_bNLR
_c20071205
942 _cBOOK
980 _aNB